00656nam a2200169Ia 4500008004100000020001800041041000800059082001500067100001900082245012900101250000600230260005300236300001200289650003700301999001900338952012900357210716s2008 xx 000 0 und d a9788120335332 aeng a332.1 SHAM aSharma, Meera. aManagement of financial institutions: with emphasis on bank and risk management.bWith emphasis on bank and risk management. a1 aNew DelhibPrentice Hall of India PVt Ltd.c2008 axvi,320 aFinancial Institutions & Markets c203391d203391 00102ddc40738MBAaAIMITbAIMITd2009-03-17g250.00l0o332.1 SHAMpMBA05957r2025-07-21 00:00:00v187.50w2021-07-16yBK